Statistics for Who Did That 1980s Song #1

Click here to take the quiz!

General Stats

  • This quiz has been taken 102,349 times
  • The average score is 13 of 20

Answer Stats

SongMusical Act% Correct
Billie JeanMichael Jackson
98%
Like a VirginMadonna
95%
Livin' on a PrayerBon Jovi
93%
Born in the U.S.A.Bruce Springsteen
84%
Don't Stop BelievingJourney
79%
Every Breath You TakeThe Police
79%
Girls Just Want to Have FunCyndi Lauper
76%
Welcome to the JungleGuns N' Roses
74%
Uptown GirlBilly Joel
71%
Love ShackThe B-52's
64%
Walk Like an EgyptianThe Bangles
62%
Hungry Like the WolfDuran Duran
62%
Fight For Your RightBeastie Boys
60%
Little Red CorvettePrince
57%
Jack & DianeJohn Mellencamp
47%
Tainted LoveSoft Cell
45%
We're Not Gonna Take ItTwisted Sister
45%
Super FreakRick James
43%
Don't Worry, Be HappyBobby McFerrin
35%
Rock Me AmadeusFalco
33%

Score Distribution

Percentile by Number Answered

Percent of People with Each Score

Your Score History

You have not taken this quiz